Üçüncü kılıç (Record no. 1619)

MARC details
000 -BAŞLIK
Sabit Uzunlukta Kontrol Alanı 00902na a2200289 4500
001 - KONTROL NUMARASI
Denetim Alanı 13266
003 - KONTROL NUMARASI IDENTIFIER
Denetim Alanı MIRAKIL
005 - SON İŞLEM TARİHİ VE ZAMANI
Denetim Alanı 20181213154829.0
008 - SABİT-BOY VERİ ELEMANLARI - GENEL BİLGİLER
Sabit Uzunlukta Kontrol Alanı 161031b tu 000 0
020 ## - ULUSLARARASI STANDART KİTAP NUMARASI
Uluslararası Standart Kitap Numarası 9759856964
035 ## - SİSTEM KONTROL NUMARASI
Sistem Kontrol Numarası 13266
040 ## - KATALOGLAMA KAYNAK
Orijinal Kataloglama Ajansı Milas
Kataloglama Dili tur
Metne Dönüştürmek Ajansı TR-AnCHP
041 ## - DİL KODU
Metin / Ses Parça Veya Ayrı Başlığın Dil Kodu tur
082 ## - DEWEY ONLU SINIFLANDIRMA NUMARASI
Sınıflandırma Numarası 956.1023092
Ürün Numarası A64ü 2008
090 ## - SINIFLAMA NUMARASI
Sınıflama Numarası 956.1023092 A64ü 2008
100 ## - ANA GİRİŞ - KİŞİSEL İSİM
Kişisel Ad Arı, Kemal
245 ## - BAŞLIK TABLOSU
Başlık Üçüncü kılıç
Başlığın Kalan İzmir'in kurtuluşu ve Yüzbaşı Şerafettin
Sorumluluk Tablosu, Vb Kemal Arı
246 ## - UNVAN FORM VARYING
Başlık Doğru / Kısa Başlığı İzmir'in kurtuluşu ve Yüzbaşı Şerafettin
260 ## - YAYIN, DAĞITIM, VB
Yayın, Dağıtım, Vb Yeri İzmir
Yayıncı, Dağıtıcı, Vs Adı Zeus Kitabevi
Yayın, Dağıtım, Vb Tarihi 2008
300 ## - FİZİKSEL TANIM
Kapsam 207 s.
Boyutlar 21 sm.
500 ## - GENEL NOT
Genel Not Kitabın sonunda resimler ve belgeler var
600 ## - KONU KATMA GİRİŞ - KURUMSAL ADI
Kişisel Ad Yüzbaşı Şerafettin
Bir Adıyla İlişkilendirilen Tarihler 1889-1951
Genel Alt Bölümü Yaşamöyküsü
650 ## - KONU KATMA GİRİŞ - TOPİKAL DÖNEM
Topikal Süreli Veya Coğrafi Ad Giriş Elemanı Kişisel anlatılar
650 ## - KONU KATMA GİRİŞ - TOPİKAL DÖNEM
Topikal Süreli Veya Coğrafi Ad Giriş Elemanı Kurtuluş Savaşı
651 ## - KONU KATMA GİRİŞ - COĞRAFİ ADI
Coğrafi İsim İzmir
Genel Alt Bölümü Tarih
Kronolojik Alt Bölümü Kurtuluş Savaşı, 1918-1923
942 ## - EKLENDİ GİRİŞ ELEMANLARI (KOHA)
Sınıflandırma Veya Raf Düzeni Kaynak
Koha Öğesi Türü Books
999 ## - SİSTEM KONTROL NUMARALARI (KOHA)
Koha Biblionumber 1619
Koha Biblioitemnumber 1619
Holdings
Kalıcı Konum Mevcut Konum Edinme Tarihi Edinim Kaynak Toplam Check-Out'Lar Tam Çağrı Numarası Barkod Tarih Son Görülme İtibaren Geçerli Fiyatlar Koha Öğesi Türü
CHP Kütüphanesi CHP Kütüphanesi 08/11/2016 Bağış   956.1023092 A64ü 2008 001011 08/11/2016 08/11/2016 Books